Anteproyecto arquitectónico del mercado tradicional de El Crucero, Managua

Presenta anteproyecto arquitectónico del mercado tradicional de El Crucero, Managua. Muestra un estudio de modelos análogos y el análisis de normativas aplicables a la tipología arquitectónica.

Bibliographic Details
Main Author: Borge Romero, Tania Carolina
Other Authors: Tutor: Chávez Mairena, Luis Eduardo
Format: Tesis Section = Libro
Language:Undetermined
Spanish
Published: Managua UNI 2010
Subjects:
LEADER 00893nam a2200217Ia 4500
008 240830s9999 xx 000 0 und d
040 |a BIBLIOTECA-RUSB/ T.Mon 725.21 B732 
041 |a spa 
082 |a T.Mon 725.21 B732 
100 1 |a Borge Romero, Tania Carolina 
245 1 0 |a Anteproyecto arquitectónico del mercado tradicional de El Crucero, Managua 
260 |a Managua  |b UNI  |c 2010 
300 |a 86 p. :il. 
502 |a Tesis (Arquitecto) - UNI, 2010. 
520 3 |a Presenta anteproyecto arquitectónico del mercado tradicional de El Crucero, Managua. Muestra un estudio de modelos análogos y el análisis de normativas aplicables a la tipología arquitectónica. 
650 7 |a EDIFICIOS DE COMERCIO - MERCADO CENTROS COMERCIALES 
650 7 |b  ARQUITECTURA - DISEÑO Y PLANOS 
700 1 |a Tutor:  |b Chávez Mairena, Luis Eduardo 
942 |c BK  |2 ddc 
991 |a TESIS 
999 |c 22046